〈物語〉シリーズ サブタイトル - Statistics

General Stats
  • This quiz has been taken 6 times
    3 since last reset
  • The average score is 13 of 36
Answer Stats
主題 Answer % Correct
化物語 ひたぎクラブ
100%
化物語 まよいマイマイ
100%
化物語 なでこスネイク
100%
化物語 つばさキャット
100%
化物語 するがモンキー
67%
偽物語 かれんビー
67%
偽物語 つきひフェニックス
67%
猫物語 つばさファミリー
67%
猫物語 つばさタイガー
67%
囮物語 なでこメドゥーサ
67%
傷物語 こよみヴァンプ
33%
傾物語 まよいキョンシー
33%
花物語 するがデビル
33%
鬼物語 しのぶタイム
33%
恋物語 ひたぎエンド
33%
憑物語 よつぎドール
33%
暦物語 こよみストーン
33%
暦物語 こよみサンド
33%
暦物語 こよみウォーター
33%
終物語 そだちロスト
33%
終物語 しのぶメイル
33%
終物語 まよいヘル
33%
終物語 ひたぎランデブー
33%
終物語 おうぎダーク
33%
続・終物語 こよみリバース
33%
暦物語 こよみフラワー
0%
暦物語 こよみウインド
0%
暦物語 こよみツリー
0%
暦物語 こよみティー
0%
暦物語 こよみマウンテン
0%
暦物語 こよみトーラス
0%
暦物語 こよみシード
0%
暦物語 こよみナッシング
0%
暦物語 こよみデッド
0%
終物語 おうぎフォーミュラ
0%
終物語 そだちリドル
0%
No matching quizzes found
Score Distribution
Percent of People with Each Score
Percentile by Number Answered
Your Score History
You have not taken this quiz since the last reset